Kıbrıs Tarihi : (Record no. 13122)

MARC details
000 -BAŞLIK
Sabit Uzunlukta Kontrol Alanı 01140nam a22002777a 4500
999 ## - SİSTEM KONTROL NUMARALARI (KOHA)
Koha Biblionumber 13122
Koha Biblioitemnumber 13122
003 - KONTROL NUMARASI IDENTIFIER
Denetim Alanı MIRAKIL
005 - SON İŞLEM TARİHİ VE ZAMANI
Denetim Alanı 20190411115646.0
008 - SABİT-BOY VERİ ELEMANLARI - GENEL BİLGİLER
Sabit Uzunlukta Kontrol Alanı 190411b tu ||||| |||| 00| 0 tur d
020 ## - ULUSLARARASI STANDART KİTAP NUMARASI
Uluslararası Standart Kitap Numarası 9786053327226
040 ## - KATALOGLAMA KAYNAK
Orijinal Kataloglama Ajansı TR-AnCHP
Metne Dönüştürmek Ajansı TR-AnCHP
041 ## - DİL KODU
Metin / Ses Parça Veya Ayrı Başlığın Dil Kodu tur
082 ## - DEWEY ONLU SINIFLANDIRMA NUMARASI
Sınıflandırma Numarası 956.9304
Ürün Numarası H54k 2016
100 ## - ANA GİRİŞ - KİŞİSEL İSİM
Kişisel Ad Hill, George
245 10 - BAŞLIK TABLOSU
Başlık Kıbrıs Tarihi :
Başlığın Kalan Osmanlı ve İngiliz idaresi dönemi 1571-1948 /
Sorumluluk Tablosu, Vb George Hill ; çeviren Nazım Can Serbest.
246 ## - UNVAN FORM VARYING
Başlık Doğru / Kısa Başlığı Osmanlı ve İngiliz idaresi dönemi 1571-1948
260 ## - YAYIN, DAĞITIM, VB
Yayın, Dağıtım, Vb Yeri İstanbul :
Yayıncı, Dağıtıcı, Vs Adı Türkiye İş Bankası Kültür yayınları,
Yayın, Dağıtım, Vb Tarihi 2016.
300 ## - FİZİKSEL TANIM
Kapsam xxııı, 738 s.:
Diğer Fiziksel Ayrıntıları fotğ., hrt. ;
Boyutlar 23 sm.
490 0# - SERİSİ TABLOSU
Seri Beyanı Türkiye İş Bankası Kültür yayınları ;
Hacim / Ardışık Tanımı genel yayın :3524.
500 ## - GENEL NOT
Genel Not Özgün yapıt adı: A history of Cybrus, the Ottoman province the british colony, 1571-1948
504 ## - KAYNAKÇA VB NOT
Kaynakça Vb Notu Kaynakça ve dizin vardır.
651 #0 - KONU KATMA GİRİŞ - COĞRAFİ ADI
9 (RLIN) 5617
Coğrafi İsim Kıbrıs
Genel Alt Bölümü Tarih
Kronolojik Alt Bölümü Osmanlı idaresi dönemi
651 #0 - KONU KATMA GİRİŞ - COĞRAFİ ADI
9 (RLIN) 5617
Coğrafi İsim Kıbrıs
Genel Alt Bölümü Tarih
Kronolojik Alt Bölümü İngiliz idaresi dönemi
700 ## - KATMA GİRİŞ - KİŞİSEL İSİM
9 (RLIN) 5618
Kişisel Ad Serbest, Nazım Can
Relator Terim çev.
740 ## - KATMA GİRİŞ - KONTROLSUZ İLGİLİ / ANALİTİK BAŞLIK
Kontrol Edilmeyen / İlgili Analitik Başlıktaki Osmanlı ve İngiliz idaresi dönemi 1571-1948
942 ## - EKLENDİ GİRİŞ ELEMANLARI (KOHA)
Sınıflandırma Veya Raf Düzeni Kaynak Dewey Decimal Classification
Koha Öğesi Türü Books
Holdings
Kalıcı Konum Mevcut Konum Edinme Tarihi Toplam Check-Out'Lar Tam Çağrı Numarası Barkod Tarih Son Görülme İtibaren Geçerli Fiyatlar Koha Öğesi Türü
CHP Kütüphanesi CHP Kütüphanesi 04/11/2019   956.9304 H54k 2016 019149 04/11/2019 04/11/2019 Books